| 000 | 00346nam a2200109Ia 4500 | ||
|---|---|---|---|
| 008 | 200302s9999 xx 000 0 und d | ||
| 100 | _aGriha | ||
| 245 | _aTechnical Manual for Trainers on Building & System Design Optimization Renewable Energy Application Vol 3 | ||
| 260 | _bThe Energy and Resources Institute | ||
| 260 | _c2013 | ||
| 300 | _a126 P., | ||
| 999 |
_c3225 _d3225 |
||